Introduction to Sociology (Record no. 8629)

MARC details
000 -LEADER
fixed length control field 00551nam a2200229 a 4500
020 ## - INTERNATIONAL STANDARD BOOK NUMBER
ISBN 0073389
082 00 - DEWEY DECIMAL CLASSIFICATION NUMBER
Classification number 301
Author Cutter STE
100 ## - MAIN ENTRY--AUTHOR NAME
Author name Stewart, Elbert W
245 ## - TITLE STATEMENT
Title Introduction to Sociology
260 ## - PUBLICATION, DISTRIBUTION, ETC. (IMPRINT)
Place of publication New York
Name of publisher Mcgraw-Hill Book Co
Year of publication 1985
300 ## - PHYSICAL DESCRIPTION
Number of Pages 564p
500 ## - GENERAL NOTE
General note includes index and biblioraphy
505 2# - FORMATTED CONTENTS NOTE
Formatted contents note Index
650 ## - SUBJECT ADDED ENTRY--TOPICAL TERM
Topical Term Sociology
942 ## - ADDED ENTRY ELEMENTS (KOHA)
Koha item type Books
Holdings
Collection code Home library Current library Date acquired Cost, normal purchase price Full call number Accession Number Koha item type
  Henry Martyn Institute Library Henry Martyn Institute Library 10/01/2009 135.00 301 STE 014494 Books
                   Copyright © 2026 | Henry Martyn Institute | Hyderabad | TS-500052 | INDIA | Implemented by hmi.edu.in
Hit-Count:

Powered by Koha